[Event "Cairns Cup"]
[Site "chess24.com"]
[Date "2023.06.05"]
[Round "3.1"]
[White "Abdumalik, Zhansaya"]
[Black "Khotenashvili, Bela"]
[Result "0-1"]
[WhiteElo "2497"]
[BlackElo "2470"]
[EventDate "2023.??.??"]
[Annotator "Bojkov,Dejan"]
[PlyCount "166"]
[Beauty "5154384395786"]
[EventType "team-tourn"]

1.e4 e5 2.Nf3 Nc6 3.Bc4 Nf6 4.d3 Be7 5.Nc3 {What's new is well-forgotten old. What we played as children is coming back as a chess fashion.} 5...d6 6.a3 Bg4 {Dubov uses this defense quite successfully.} 7.h3 Bxf3 8.Qxf3 Nd4 9.Qd1 c6 10.Ba2 O-O 11.O-O Ne6 12.Ne2 ( {Another normal move is:} 12.Re1 Qc7 13.Ne2 Rad8 14.Ng3 g6 15.c3 Kg7 16.d4 {to which Dubov sacrificed a pawn with} 16...d5 17.dxe5 Nxe4 18.Nxe4 dxe4 19.Qg4 Nc5 20.b4 Nd3 21.Rxe4 Nxc1 22.Rxc1 a5 {and later Black defended the opposite-colored bishop middlegame in Sevian,S (2687)-Dubov,D (2708) chess.com INT 2023} ) 12...d5 13.Ng3 dxe4 $146 {An obvious move and a novelty. What happens next is a beautiful concept.} ( {The predecessor is another game of Dubov:} 13...g6 14.Re1 Qc7 15.c3 Rad8 16.Bh6 Rfe8 17.Qf3 Kh8 18.Rad1 Ng8 19.Bc1 Nf6 20.d4 {and White should be better, Esipenko,A (2716)-Dubov,D (2714) Krasnaya Polyana 2021} ) 14.dxe4 Qxd1 15.Rxd1 Rfd8 {Black is ready to trade all the rooks along the only open file; therefore, Abdumalik goes for the most obvious and aggressive} 16.Be3 {which puts pressure on the a7-pawn, thus preventing the trades. And in return, Khotenashvili uncorks her real idea...} ( {In the light of what happens next, the patient} 16.Bd2 $1 {[%c_effect d2;square;d2;type;GreatFind;persistent;true] would be a better choice in order to meet} 16...Bc5 {with a calm} 17.Kf1 {when White can hope to make something out of her minimal advantage later in the endgame.} ( 17.Bxe6 fxe6 18.Bc3 {also looks somewhat better for White.} ) ) 16...Bc5 $3 {[%c_effect c5;square;c5;type;Brilliant;persistent;true] A brilliant concept $1 After the forcing} 17.Bxe6 Bxe3 18.Bxf7+ Kxf7 19.fxe3 Ke6 {White wins a pawn, but since that pawn is doubled and its only defender is a vulnerable knight, it appears that White does not have any advantage whatsoever. Moreover, it is now Abdumalik who has to play carefully to maintain the balance $1} ( 19...Rxd1+ 20.Rxd1 Ke6 {might have been a tad more accurate.} ) 20.Rd3 $1 {[%c_effect d3;square;d3;type;GreatFind;persistent;true] The only way to fight for something.} 20...Rxd3 $1 {[%c_effect d3;square;d3;type;GreatFind;persistent;true] Another spectacular idea $1 Khotenashvili does not mind even connecting the opponent's pawns. The e4-pawn is no more in danger now, but Black gets a chance to create an outside passer.} ( {Also good is the immediate} 20...g6 21.Rad1 Rd7 22.Kf2 h5 23.Ke2 ) 21.cxd3 Rd8 22.Rd1 c5 23.Kf2 c4 {This is what it was all about. Now White has to make an important decision.} 24.d4 {And she decided to keep her central pawns intact.} ( {After} 24.Ke2 cxd3+ 25.Rxd3 {The black rook would have occupied the more valuable open file} 25...Rc8 $1 {[%c_effect c8;square;c8;type;GreatFind;persistent;true]} 26.Kd2 ( 26.Kd1 Rc6 ) 26...h5 {and Black would had still pressured her opponent.} ) 24...g6 ( 24...b5 $5 {[%c_effect b5;square;b5;type;Interesting;persistent;true]} ) 25.Ke2 ( 25.a4 $5 {[%c_effect a4;square;a4;type;Interesting;persistent;true]} ) 25...b5 {The queenside majority is moving. Black has a lot of moves to improve her position, whereas her opponent needs to stay put. This means that Black owns the statical advantage.} 26.Rd2 Rc8 ( {Or} 26...h5 27.h4 ( 27.Kf3 $6 {[%c_effect f3;square;f3;type;Inaccuracy;persistent;true]} 27...Rf8 $1 {[%c_effect f8;square;f8;type;GreatFind;persistent;true]} ) 27...Rc8 ) 27.Rc2 ( {The machine suggests the following ingenious defense} 27.Kf3 Rf8 28.Ne2 $3 {[%c_effect e2;square;e2;type;Brilliant;persistent;true]} 28...Nd5+ 29.Nf4+ $1 {[%c_effect f4;square;f4;type;GreatFind;persistent;true]} 29...Nxf4 30.exf4 Rxf4+ 31.Ke3 {and claims White should hold...} ) 27...h5 {Part of the plan, now White is forced to concede the g4-square.} 28.h4 Ng4 29.Rc1 {Abdumalik waits.} ( {If White ever blocks the center with} 29.d5+ {she would concede the c5-square and after} 29...Kd6 30.Rc1 a5 {followed by Kd6-c5 and b5-b4, Black would keep expanding on the queenside without any efforts.} ) 29...Rd8 30.Rd1 Nf6 31.Rd2 a5 32.Rd1 Rd7 {Khotenashvili slows down a bit before the time control. Always a wise, practical decision, which has the additional benefit of demonstrating to the opponent that she has nowhere to go.} 33.Rd2 Rd8 34.Rd1 Rd7 35.Rd2 Ng4 36.Rd1 {And White sees nothing better but to repeat.} ( {There is also the idea} 36.Nh1 $5 {[%c_effect h1;square;h1;type;Interesting;persistent;true] in order to meet} 36...Rf7 {with} 37.dxe5 Kxe5 {Then} 38.Rd5+ {looks scary for Black, but if we prolong the line a bit further} 38...Kxe4 39.Rxb5 Nxe3 40.Nf2+ Kd4 {it becomes clear that White still has serious issues.} ) 36...Rd8 37.Nh1 $1 {[%c_effect h1;square;h1;type;GreatFind;persistent;true] The best defense $1} ( {As before} 37.d5+ Kd6 {is something Black wishes to see.} ) ( {The main question remains, How is Black going to infiltrate after a passive defense with} 37.Rd2 Rf8 38.Nh1 {$2 The answer is the stunning} 38...b4 $1 {[%c_effect b4;square;b4;type;GreatFind;persistent;true]} 39.Rc2 Rf1 $3 {[%c_effect f1;square;f1;type;Brilliant;persistent;true] and Black should win after} 40.Kxf1 Nxe3+ 41.Ke2 Nxc2 ) 37...Rf8 38.dxe5 Nxe5 ( {The other capture is still possible} 38...Kxe5 39.Rd5+ Kxe4 40.Rxb5 ( {But maybe Black disliked} 40.Rd6 $5 {[%c_effect d6;square;d6;type;Interesting;persistent;true]} ) 40...Nxe3 41.Nf2+ Kd4 ) 39.Nf2 b4 40.Rd5 {The time-control move.} ( {Safer seems} 40.axb4 axb4 41.Nh3 $1 {[%c_effect h3;square;h3;type;GreatFind;persistent;true]} ) ( {Or the immediate} 40.Nh3 $1 {[%c_effect h3;square;h3;type;GreatFind;persistent;true]} ) 40...Rb8 41.Nd1 {And as it often happens, the first move after the time control is a mistake. The knight goes in the wrong direction.} ( {Instead White had two defenses, either} 41.Rxa5 $1 {[%c_effect a5;square;a5;type;GreatFind;persistent;true]} 41...bxa3 42.Rxa3 $1 {[%c_effect a3;square;a3;type;GreatFind;persistent;true]} ( {Perhaps they both only calculated} 42.bxa3 $2 {[%c_effect a3;square;a3;type;Mistake;persistent;true]} 42...Rb2+ 43.Kf1 c3 {when the passer should decide the outcome of the game in Black's favor.} ) ( {The preliminary checks would not hurt either} 42.Ra6+ Ke7 43.Ra7+ Ke8 44.Rxa3 $1 {[%c_effect a3;square;a3;type;GreatFind;persistent;true]} ) 42...Rxb2+ 43.Kf1 ) ( {Or the activation of the knight from the other side} 41.Nh3 $1 {[%c_effect h3;square;h3;type;GreatFind;persistent;true] should have been good enough for the half-point as well.} ) 41...Rc8 {Missing a chance to exploit the opponent's blunder at once.} ( {Strong is} 41...c3 $3 {[%c_effect c3;square;c3;type;Brilliant;persistent;true] winning on the spot after} 42.bxc3 ( 42.Rc5 Rd8 $1 {[%c_effect d8;square;d8;type;GreatFind;persistent;true]} ) 42...bxa3 43.Rxa5 Nc4 44.Ra4 Rb5 $1 {[%c_effect b5;square;b5;type;GreatFind;persistent;true]} ) 42.Kd2 Rc6 43.Kc2 Rd6 $1 {[%c_effect d6;square;d6;type;GreatFind;persistent;true] The possible appearance of an outside queenside passer makes the pawn endgame won for Black.} 44.Rxa5 {And this is the final mistake.} ( {However, the machine finds an out-of-this-world defense with} 44.axb4 $1 {[%c_effect b4;square;b4;type;GreatFind;persistent;true]} 44...axb4 45.Rxd6+ $1 {[%c_effect d6;square;d6;type;GreatFind;persistent;true]} 45...Kxd6 46.b3 $1 {[%c_effect b3;square;b3;type;GreatFind;persistent;true]} 46...c3 {And now} 47.Nxc3 $3 {[%c_effect c3;square;c3;type;Brilliant;persistent;true]} 47...bxc3 48.Kxc3 {It is not clear at all why on earth should Black not win after} 48...Nc6 49.b4 Ke5 50.b5 Nd8 51.Kd3 Nb7 52.b6 Nc5+ 53.Ke2 Kxe4 {But a closer look after} 54.Kf2 Nb7 {reveals that in order to win the queenside pawn Black would need her king, and this would leave the kingside pawns exposed to a trade.} ) ( {Abdumalik correctly avoided the endgame after} 44.Rxd6+ Kxd6 45.axb4 axb4 46.Nf2 Ng4 $1 {[%c_effect g4;square;g4;type;GreatFind;persistent;true] A triumph of Black's strategy, the central pawns become easy prey to the black active pieces, together with all the remaining kingside ones.} ) 44...b3+ $1 {[%c_effect b3;square;b3;type;GreatFind;persistent;true] Now Black breaks through.} 45.Kc1 Nd3+ 46.Kb1 Ne1 47.Nc3 ( {Perhaps White should have tried} 47.Kc1 {when} 47...Nxg2 {allows the defense} ( {Black should activate the rook instead with} 47...Nd3+ 48.Kb1 Kf7 $3 {[%c_effect f7;square;f7;type;Brilliant;persistent;true]} 49.Ra7+ ( {Or} 49.Nc3 Rf6 $1 {[%c_effect f6;square;f6;type;GreatFind;persistent;true]} ) 49...Kg8 50.Ra8+ Kg7 51.Ra7+ Kh6 52.Rf7 Ne5 53.Rf1 Rd2 {with a win.} ) 48.e5 Rc6 49.Nc3 Nxh4 50.Ne2 $1 {[%c_effect e2;square;e2;type;GreatFind;persistent;true]} ) 47...Rd2 {The rook infiltrates and starts cleaning everything on the second rank.} 48.Ra6+ Ke5 49.Ra5+ Kf6 50.Ra6+ Kg7 51.Kc1 Rc2+ {The joint efforts of the black pieces will gain three pawns now.} ( {Or also} 51...Rxg2 52.Kd1 Nd3 ) 52.Kd1 ( {Or else mate after} 52.Kb1 Nd3 ) 52...Nxg2 53.e5 Nxe3+ 54.Ke1 Rxb2 55.Ra7+ Kh6 56.e6 Nf5 57.e7 Nxe7 58.Rxe7 Rc2 59.Nd1 c3 60.Nxc3 ( {If} 60.Rb7 Rc1 $1 {[%c_effect c1;square;c1;type;GreatFind;persistent;true] decides.} ) 60...Rxc3 61.Rb7 Rc4 62.Rxb3 Rxh4 {The connected passers are moving in a pack; there is not enough counterplay from the white passer.} 63.Kf2 Rc4 64.Kf3 Ra4 65.Kg2 Kg5 66.Kh3 Kf4 67.Kh4 Kf5+ 68.Kh3 g5 69.Rb5+ Kf4 70.Rb3 h4 71.Rc3 Re4 72.Kg2 g4 73.Rc2 h3+ 74.Kh2 Kf3 75.Rc1 Re2+ 76.Kh1 g3 77.Kg1 Rg2+ 78.Kh1 Rd2 79.Kg1 h2+ 80.Kh1 Kf2 ( 80...Kg4 81.Rc4+ Kh3 {would have been a tad faster.} ) 81.a4 Re2 82.a5 Re1+ 83.Rxe1 Kxe1 ( 83...Kxe1 84.Kg2 h1=Q+ 85.Kxh1 Kf2 ) 0-1

[Event "Cairns Cup"]
[Site "chess24.com"]
[Date "2023.06.09"]
[Round "6.2"]
[White "Mammadzada, Gunay"]
[Black "Zatonskih, Anna"]
[Result "0-1"]
[WhiteElo "2456"]
[BlackElo "2327"]
[EventDate "2023.??.??"]
[Annotator "Bojkov,Dejan"]
[PlyCount "146"]
[Beauty "5636339270665"]
[EventType "team-tourn"]
[WhiteTeam "Azerbaijan"]
[BlackTeam "United States"]
[WhiteTeamCountry "AZE"]
[BlackTeamCountry "USA"]

1.d4 d5 2.c4 e6 3.g3 Nf6 4.Bg2 Be7 5.Nf3 O-O 6.O-O dxc4 {One of the oldest and most solid lines against the Catalan.} 7.Qc2 a6 {The main move.} ( {There is also the fresh approach} 7...b5 {championed by Nakamura who has cleared his opening lines to a computer perfection, one example being} 8.a4 Bb7 9.axb5 a6 10.bxa6 Nxa6 11.Qxc4 Bd5 12.Qc3 c5 {That is the whole point: White is winning a pawn, but Black manages to trade everything on the queenside and often gets something extra to add to his compensation.} 13.Be3 Ne4 14.Qe1 Nb4 15.Rxa8 Qxa8 16.Nc3 Nxc3 17.bxc3 Nc2 18.Qd2 Nxe3 19.Qxe3 cxd4 20.cxd4 Bf6 {and Black defended later in Andreikin,D (2729)-Nakamura,H (2760) Chess.com INT 2022} ) 8.a4 Nc6 {Also a modern idea.} ( {The classical approach is} 8...Bd7 9.Qxc4 Bc6 10.Bf4 Bd6 11.Qc1 a5 12.Bd2 Qe7 13.Nc3 Na6 {as in Ding,L (2806)-Wei,Y (2727) chess24.com INT 2022} ) 9.Na3 $146 {This move, played after a prolonged thought, is obviously an over-the-board novelty. Unfortunately for Mammadzada, the combination of the moves Qd1-c2 and Nb1-a3 does not work well.} ( {White is almost always recapturing automatically:} 9.Qxc4 {and then hurries to swap the Catalan bishop with} 9...Na5 ( {But here too there is a modern try} 9...Qd5 10.Nbd2 Rd8 11.e3 Qh5 12.h3 Nd5 13.a5 Ndb4 14.Qc3 Nxa5 15.g4 Qb5 {as in Vidit,S (2726)-Firouzja,A (2749) chess24.com INT 2020} ) 10.Qc2 b6 11.Ne5 Bb7 12.Bxb7 Nxb7 13.Nc6 Qd7 14.Rd1 Rfc8 15.Bg5 h6 16.Bxf6 Bxf6 17.Ra3 Nc5 $1 {[%c_effect c5;square;c5;type;GreatFind;persistent;true] and the game was soon drawn in Ding,L (2788)-Caruana,F (2764) Bucharest 2023} ) 9...b5 $1 {[%c_effect b5;square;b5;type;GreatFind;persistent;true] Zatonskih had spent almost an hour on the clock but found the best continuation. Or rather, refutation $1 The pawn cannot be regained now.} 10.Ne5 ( {If} 10.axb5 axb5 11.Bd2 Rb8 {preserves the extra material.} ) 10...Nb4 11.Qd1 Rb8 ( 11...Nfd5 $5 {[%c_effect d5;square;d5;type;Interesting;persistent;true] also seems good for Black.} ) 12.axb5 axb5 {Black not only keeps the extra pawn but is ready to trade her problematic light-squared bishop.} 13.b3 {Funny, it is now White who struggles to trade as many pawns on the queenside as she can (check Nakamura's game from above.)} 13...cxb3 14.Bb2 ( {More chances for counterplay are offered} 14.Qxb3 $1 {[%c_effect b3;square;b3;type;GreatFind;persistent;true] Then White does not need to fear} 14...Qxd4 15.Bb2 Qb6 {As she can soften the c6-point with} 16.Nc2 Nxc2 17.Qxc2 Bb7 18.Bxb7 Rxb7 19.Nc6 {And if} 19...Bc5 20.Bxf6 gxf6 21.Qe4 {and White can hope to make use of the weakened black kingside.} ) 14...Bb7 15.Qxb3 ( {If} 15.Bxb7 Rxb7 16.Qxb3 {Black can react with} 16...Nd7 ( {Or} 16...Qd5 ) ) 15...Bxg2 16.Kxg2 Rb6 {Zatonskih is carefully preparing the advance of her c-pawn. Right now she is taking the c6-point under control.} ( {The other setup is} 16...Nd7 17.Nf3 Qc8 ) 17.Rfc1 Nd7 18.Nf3 Qb8 19.Nb1 $1 {[%c_effect b1;square;b1;type;GreatFind;persistent;true] White needs to use every single resource that she has to gain survival chances. The knight needs to be moved to a better position.} 19...Nd5 ( {Another way is} 19...Na6 $5 {[%c_effect a6;square;a6;type;Interesting;persistent;true]} 20.Nbd2 c5 ) 20.Nbd2 c5 21.dxc5 Nxc5 {Black frees her position and is a solid pawn ahead.} 22.Qc2 Rb7 ( 22...Rc8 $5 {[%c_effect c8;square;c8;type;Interesting;persistent;true] would be more accurate.} ) 23.e4 ( {Instead, a better try is} 23.Be5 $1 {[%c_effect e5;square;e5;type;GreatFind;persistent;true]} 23...Qd8 24.Qb2 {looking for activity, as in the line} 24...Nf6 25.Bd4 Qd5 26.Bxc5 Bxc5 27.e4 Qh5 28.e5 ) 23...Nb6 24.Be5 Qd8 25.Nb3 ( {Here too} 25.Bd4 $5 {[%c_effect d4;square;d4;type;Interesting;persistent;true] deserves attention but should not change the overall evaluation of the position after} 25...Nbd7 26.Nb3 Nxb3 27.Qxb3 b4 28.Qb2 ) 25...Nc4 26.Rd1 Qc8 27.Bd4 {Better is to trade the other knight.} ( 27.Na5 Nxa5 28.Rxa5 Nd7 {although Black is still clearly on top.} ) 27...Nxb3 28.Qxb3 Bc5 {Trading the annoying bishop is a sound plan. The only problem is that Black is getting closer to a major-piece endgame and not all of those would be won for her.} ( 28...Qc6 $5 {[%c_effect c6;square;c6;type;Interesting;persistent;true]} 29.Re1 Rc8 {to bring the rook out cannot be bad either.} ) 29.Rac1 Qc6 30.Qc3 {Alas, Mammadzada misses a nice tactical shot.} ( 30.Bxc5 $1 {[%c_effect c5;square;c5;type;GreatFind;persistent;true] would trade all the light pieces in a favorable way for White after the stunning} 30...Qxc5 31.Ne5 $1 {[%c_effect e5;square;e5;type;GreatFind;persistent;true] and after} 31...Qxe5 32.Rxc4 bxc4 33.Qxb7 Qb8 34.Qxb8 Rxb8 35.Kf3 {White has all the chances to survive.} ) 30...Bxd4 31.Qxd4 Qb6 {Time trouble is here, and both players have to be extremely careful.} ( 31...Qc7 $5 {[%c_effect c7;square;c7;type;Interesting;persistent;true]} 32.h4 Qb8 ) 32.Qxb6 Rxb6 33.Nd4 {This is the first moment when White has a chance to activate her rooks.} ( {And she should have grabbed it with} 33.Rd7 $5 {[%c_effect d7;square;d7;type;Interesting;persistent;true]} 33...g6 34.Rc7 ) 33...h6 34.Re1 Rfb8 35.Re2 Ne5 36.f4 Rd8 37.Nxb5 {Removing the queenside pawns. It is always easier to defend on the side only.} ( {The machine suggests capturing the other pawn} 37.Nxe6 Rxe6 38.fxe5 Rxe5 39.Kf3 {but this does not make sense to the human being.} ) 37...Rxb5 38.fxe5 Rxe5 39.Rce1 {The time deficit prevented Mammadzada from finding her best chance.} ( {And it is related to the activity $1 The last chance is} 39.Rc7 Rd4 40.Rb2 f6 41.Rb8+ Kh7 42.Rf8 $1 {[%c_effect f8;square;f8;type;GreatFind;persistent;true] This is the key move but not easy to be seen in advance.} ( {Instead, the obvious attack} 42.Rbb7 {is easily refuted with} 42...Rg5 43.Kf3 Rd2 $1 {[%c_effect d2;square;d2;type;GreatFind;persistent;true]} ) ) 39...g5 $3 {[%c_effect g5;square;g5;type;Brilliant;persistent;true] Zatonskih is in time trouble too but knows her job well $1 This move not only secures the powerful position of the rook on the e5-spot, but it also prepares the further kingside attack.} 40.Rf2 Rd4 41.Ref1 ( {Nothing changes} 41.Rfe2 Kg7 ) 41...Rd7 42.Re1 Kg7 43.Rfe2 Rd4 44.Kf3 Ra4 45.Kg2 Kg6 46.Kf2 h5 $1 {[%c_effect h5;square;h5;type;GreatFind;persistent;true] In order to win the game, Black needs a second weakness, and that would be the white king itself.} 47.Kg1 g4 48.Kg2 f6 49.Kg1 Kg5 50.Kg2 Rb4 $1 {[%c_effect b4;square;b4;type;GreatFind;persistent;true] A safe approach. One set of rooks is traded, and White is deprived of any tactical chances.} ( {The immediate} 50...h4 $1 {[%c_effect h4;square;h4;type;GreatFind;persistent;true]} 51.Kf2 h3 52.Kf1 Ra3 53.Kg1 Rf3 54.Ra1 f5 55.Rae1 f4 56.gxf4+ Kxf4 {would win too.} ) 51.Kg1 Reb5 52.Rf1 Rb2 53.Rxb2 Rxb2 54.Ra1 ( {Or} 54.Re1 h4 $1 {[%c_effect h4;square;h4;type;GreatFind;persistent;true]} ) 54...Re2 55.Ra4 e5 56.Rb4 h4 $1 {[%c_effect h4;square;h4;type;GreatFind;persistent;true] The beginning of the end.} 57.Ra4 h3 $1 {[%c_effect h3;square;h3;type;GreatFind;persistent;true] Fixing the second weakness. There is nothing to be done by White anymore.} 58.Rb4 Kg6 ( {Black could also grab the freshly minted weakness with} 58...Re1+ 59.Kf2 Rh1 ) 59.Ra4 Rg2+ 60.Kh1 Rd2 $1 {[%c_effect d2;square;d2;type;GreatFind;persistent;true] Getting the more valuable pawn. The rest is easy for Black.} 61.Kg1 Rd4 62.Ra8 Rxe4 63.Kf2 Rb4 64.Ra2 Rb1 65.Ke3 Re1+ 66.Kd3 Kf5 67.Rf2+ Ke6 68.Ra2 Rg1 69.Ke4 f5+ 70.Ke3 Rg2 71.Ra6+ Kf7 72.Ra5 Kf6 73.Ra6+ Kg5 0-1